00464nam a2200157Ia 4500008004100000020000700041082001600048100002100064245005600085250000700141260003800148300003000186500001900216600002100235650005000256240925s9999 xx 000 0 und d aNA a004.076 IDR aIdrees, Muhammad 0aGraduate Programmes NTS Work Book: computer science aNA aLahore:bDogar Publishersc,2010. axvi,313p.bN.AfPhotocopy aIncludes Index aComputer Science aComputer science, information & general works